• 首页
  • 本馆介绍
  • 公告通知
  • 最新文献
  • 馆藏检索
  • 电子资源
  • 读者导购
  • 参考咨询
  • 我的图书馆
  • 登录
  • 详细信息显示
  • 放入我的书架
  • 预约/预借图书
  • 作者相关作品
  • 分类相关作品
  • 丛书相关作品
  • 出版社相关作品

书目信息

  • 表格格式
  • 工作单格式
  • 卡片格式
题名:
物理科学方法教育
    
 
作者: 张宪魁 著
分册:  
出版信息: 青岛   青岛海洋大学出版社  2000
页数: 379页
开本: 20cm
丛书名:
单 册:
中图分类: O4-03
科图分类:
主题词: 物理--教学法--研究--中学
电子资源:
ISBN: 7-81067-134-0
000 00846nam0 2200217 45
001 012001001324
005 20070703094807.48
010    @a7-81067-134-0@dCNY15.00
100    @a20010120d2000 emky0chiy0110 ea
101 0  @achi
102    @aCN@b370000
105    @ay z 000yy
200 1  @a物理科学方法教育@9wu li ke xue fang fa jiao yu@f张宪魁著
210    @a青岛@c青岛海洋大学出版社@d2000
215    @a379页@d20cm
330    @a本书主要分理论探讨与教学改革实验两大部分,阐述了开展物理科学方法教育的意义、基本内涵,物理科学方法的一些基本概念,常用的物理科学方法,介绍了分析教材中科学方法因素的基本途径与方法,如何制定教学目标、开展教学改革实验,进行检测评估,编制检测题等。
606 0  @a物理@x教学法@x研究@x中学
690    @aO4-03@v4
701  0 @a张宪魁@9zhang xian kui@4著
801    @aCN@bTSTC@c20070703
905    @b324760-764@dO4-03@e299@f5
    
    物理科学方法教育/张宪魁著.-青岛:青岛海洋大学出版社,2000
    379页;20cm
    
    
    ISBN 7-81067-134-0:CNY15.00
    本书主要分理论探讨与教学改革实验两大部分,阐述了开展物理科学方法教育的意义、基本内涵,物理科学方法的一些基本概念,常用的物理科学方法,介绍了分析教材中科学方法因素的基本途径与方法,如何制定教学目标、开展教学改革实验,进行检测评估,编制检测题等。
●
相关链接 在E读中查询图书 在五车中查询图书 在当当中查询图书 在豆瓣中查询图书


正题名:物理科学方法教育     索取号:O4-03/299         预约/预借

序号 登录号 条形码 馆藏地/架位号 状态 备注
1 0324760   203247600   第三借阅区/ [索取号:O4-03/299] 在馆    
2 0324761   203247619   第三借阅区/ [索取号:O4-03/299] 在馆    
3 0324762   203247628   第三借阅区/ [索取号:O4-03/299] 在馆    
4 0324763   203247637   第三借阅区/ [索取号:O4-03/299] 在馆    
5 0324764   203247646   第二样本阅览室/ [索取号:O4-03/299] 在馆    
6 0764873   207648731   密集书库/ [索取号:O4-03/299] 在馆    
7 0764874   207648740   密集书库/ [索取号:O4-03/299] 在馆    
唐山师范学院图书馆 欢迎您!
大连网信软件有限公司© 版权所有